[Event "Liga Madrileña - DH 2011-2012"]
[Site "Madrid ESP"]
[Date "2011.12.04"]
[Round "4.16"]
[White "Perez de Aranda Alonso, Leonardo"]
[Black "Pedrajas Estepa, Manuel"]
[Result "0-1"]
[WhiteElo "2117"]
[BlackElo "2044"]
[PlyCount "116"]
[EventDate "2011.11.13"]
[EventType "team"]
[EventRounds "14"]
[EventCountry "ESP"]
[Source "lmi"]
[SourceDate "2011.11.13"]
[WhiteTeam "Virgen de Atocha"]
[BlackTeam "Leganes"]
[WhiteTeamCountry "ESP"]
[BlackTeamCountry "ESP"]

1. e4 e5 2. Nf3 d6 3. d4 Nd7 4. Bc4 c6 5. O-O Be7 6. a4 Ngf6 7. Nc3 O-O 8. Bb3
Qc7 9. h3 exd4 10. Nxd4 Nc5 11. Re1 Nxb3 12. Nxb3 Be6 13. Nd4 Rad8 14. Qe2 Rfe8
15. Be3 d5 16. Nxe6 fxe6 17. e5 Qxe5 18. Bxa7 Qxe2 19. Rxe2 Bd6 20. a5 Ra8 21.
Bb6 Nd7 22. Na4 Bb4 23. Rd1 Bxa5 24. Bxa5 Rxa5 25. Nc3 Nf6 26. Rde1 Kf7 27. f4
b5 28. Re5 b4 29. Ne2 c5 30. Nc1 Ra1 31. Nd3 Rxe1+ 32. Rxe1 Nd7 33. Ra1 Rb8 34.
Ra7 Ke8 35. Ne5 Nxe5 36. fxe5 Kf8 37. Kf2 c4 38. Ke3 b3 39. c3 Re8 40. h4 Re7
41. Ra8+ Kf7 42. h5 g5 43. hxg6+ Kxg6 44. g4 Kg5 45. Rg8+ Kh4 46. g5 Kg4 47.
Kd4 Kf5 48. Rf8+ Kxg5 49. Kc5 Ra7 50. Kd6 Ra6+ 51. Ke7 h5 52. Rf6 h4 53. Rxe6
Rxe6+ 54. Kxe6 h3 55. Kxd5 h2 56. Kxc4 h1=Q 57. Kxb3 Kf5 58. c4 Kxe5 0-1

[Event "Liga Madrileña - DH 2011-2012"]
[Site "Madrid ESP"]
[Date "2011.12.03"]
[Round "4.21"]
[White "Moreno Trujillo, Alejandro"]
[Black "Alcazar Jimenez, Victor Manuel"]
[Result "1-0"]
[WhiteElo "2474"]
[BlackElo "2379"]
[PlyCount "93"]
[EventDate "2011.11.13"]
[EventType "team"]
[EventRounds "14"]
[EventCountry "ESP"]
[Source "lmi"]
[SourceDate "2011.11.13"]
[WhiteTeam "64 Villalba"]
[BlackTeam "Blanco y Negro"]
[WhiteTeamCountry "ESP"]
[BlackTeamCountry "ESP"]

1. d4 e6 2. Nf3 c5 3. c3 Nf6 4. Bf4 cxd4 5. cxd4 a6 6. e3 Be7 7. h3 O-O 8. Nbd2
d6 9. Be2 Re8 10. O-O b6 11. Bh2 Bb7 12. a4 Nc6 13. Nc4 Nb4 14. Qb3 a5 15. Rfc1
Ba6 16. Qd1 Rc8 17. Na3 Bxe2 18. Qxe2 Qd7 19. Nb5 Ne4 20. Nd2 Nf6 21. Rc4 d5
22. Rc3 Ne4 23. Nxe4 dxe4 24. f3 exf3 25. Qxf3 f6 26. Rac1 Nd5 27. Rc4 Rxc4 28.
Rxc4 Rc8 29. b3 Bb4 30. Bg3 Bd2 31. Bf2 Rxc4 32. bxc4 Nc3 33. e4 Nxb5 34. cxb5
Bb4 35. Qb3 Qc8 36. g3 Kf7 37. Kg2 Ke7 38. d5 Qc7 39. dxe6 Bc5 40. Qc4 Qe5 41.
Bxc5+ bxc5 42. Qd5 Qb2+ 43. Kf3 f5 44. Qd7+ Kf6 45. Qf7+ Kg5 46. Qxf5+ Kh6 47.
Kg4 1-0

[Event "Liga Madrileña - DH 2011-2012"]
[Site "Madrid ESP"]
[Date "2011.12.03"]
[Round "4.22"]
[White "Alarcia Astiz, Carlos"]
[Black "Renteria Becerra, Jorge Elicer"]
[Result "1-0"]
[WhiteElo "2313"]
[BlackElo "2328"]
[PlyCount "47"]
[EventDate "2011.11.13"]
[EventType "team"]
[EventRounds "14"]
[EventCountry "ESP"]
[Source "lmi"]
[SourceDate "2011.11.13"]
[WhiteTeam "Blanco y Negro"]
[BlackTeam "64 Villalba"]
[WhiteTeamCountry "ESP"]
[BlackTeamCountry "ESP"]

1. e4 c5 2. Nf3 d6 3. d4 cxd4 4. Nxd4 Nf6 5. Nc3 a6 6. f4 e5 7. Nf3 Nbd7 8. Bd3
b5 9. a3 Be7 10. O-O O-O 11. Kh1 Re8 12. Qe1 Bf8 13. fxe5 Nxe5 14. Bg5 Nxf3 15.
Rxf3 Be7 16. e5 dxe5 17. Bxf6 Bxf6 18. Qe4 Be6 19. Qxh7+ Kf8 20. Ne4 Bd5 21.
Nxf6 Bxf3 22. Nxe8 Bd5 23. Nxg7 Qg5 24. Be4 1-0

[Event "Liga Madrileña - DH 2011-2012"]
[Site "Madrid ESP"]
[Date "2011.12.03"]
[Round "4.23"]
[White "Bolado Saez, Sergio"]
[Black "Alcazar Jimenez, Jesus Alberto"]
[Result "1-0"]
[WhiteElo "2361"]
[BlackElo "2252"]
[PlyCount "97"]
[EventDate "2011.11.13"]
[EventType "team"]
[EventRounds "14"]
[EventCountry "ESP"]
[Source "lmi"]
[SourceDate "2011.11.13"]
[WhiteTeam "64 Villalba"]
[BlackTeam "Blanco y Negro"]
[WhiteTeamCountry "ESP"]
[BlackTeamCountry "ESP"]

1. d4 d5 2. c4 e5 3. dxe5 d4 4. a3 Nc6 5. Nf3 Nge7 6. b3 Nf5 7. Bb2 g5 8. g4
Nh4 9. Nxh4 gxh4 10. Bg2 Qg5 11. Bxc6+ bxc6 12. Qxd4 c5 13. Qd5 Rb8 14. e6 Qxd5
15. cxd5 Rg8 16. exf7+ Kxf7 17. Nd2 Rxg4 18. Rc1 Bb7 19. e4 c6 20. h3 Rg8 21.
dxc6 Bxc6 22. Rc3 Ke6 23. Rf3 Be7 24. Rf5 Rg5 25. Rf4 c4 26. Rxh4 cxb3 27. Rh6+
Rg6 28. Rxg6+ hxg6 29. Rg1 g5 30. Rg3 Bf6 31. e5 Be7 32. Nxb3 Ba4 33. Nd4+ Kd5
34. Bc3 Rb1+ 35. Ke2 Bd1+ 36. Kd3 Bh5 37. Kc2 Bg6+ 38. Kd2 Bxa3 39. Ne2 Be7 40.
h4 a5 41. hxg5 Kc4 42. Nf4 Bf5 43. Bxa5 Rb2+ 44. Ke1 Bc5 45. Bd2 Rb1+ 46. Ke2
Rb2 47. Rc3+ Kb5 48. Nd3 Bg4+ 49. f3 1-0

[Event "Liga Madrileña - DH 2011-2012"]
[Site "Madrid ESP"]
[Date "2011.12.03"]
[Round "4.24"]
[White "Rivas Vila, David"]
[Black "Gongora Montes, Benjamin"]
[Result "0-1"]
[WhiteElo "2216"]
[BlackElo "2217"]
[PlyCount "71"]
[EventDate "2011.11.13"]
[EventType "team"]
[EventRounds "14"]
[EventCountry "ESP"]
[Source "lmi"]
[SourceDate "2011.11.13"]
[WhiteTeam "Blanco y Negro"]
[BlackTeam "64 Villalba"]
[WhiteTeamCountry "ESP"]
[BlackTeamCountry "ESP"]

1. e4 e6 2. d3 d5 3. Nd2 Nf6 4. g3 Be7 5. Ngf3 b6 6. e5 Nfd7 7. Bg2 c5 8. O-O
Nc6 9. Re1 Qc7 10. Qe2 Bb7 11. Nf1 O-O-O 12. c3 h6 13. h4 Rdg8 14. N1h2 g5 15.
hxg5 hxg5 16. Ng4 Kb8 17. Bd2 Bc8 18. Rac1 f5 19. exf6 Nxf6 20. Nge5 Nxe5 21.
Nxe5 Bd6 22. b4 Rh6 23. bxc5 bxc5 24. Rb1+ Ka8 25. c4 Qh7 26. Ng4 Nxg4 27. Qxg4
Rh8 28. Kf1 Qxd3+ 29. Qe2 Rh1+ 30. Bxh1 Rxh1+ 31. Kg2 Qxe2 32. Rxe2 Rxb1 33.
Bxg5 d4 34. f4 Rc1 35. f5 Rc3 36. Kh2 0-1

[Event "Liga Madrileña - DH 2011-2012"]
[Site "Madrid ESP"]
[Date "2011.12.03"]
[Round "4.25"]
[White "Bermejo Arruego, Luis"]
[Black "Mena Borras, Mario"]
[Result "1-0"]
[WhiteElo "2171"]
[BlackElo "2105"]
[PlyCount "61"]
[EventDate "2011.11.13"]
[EventType "team"]
[EventRounds "14"]
[EventCountry "ESP"]
[Source "lmi"]
[SourceDate "2011.11.13"]
[WhiteTeam "64 Villalba"]
[BlackTeam "Blanco y Negro"]
[WhiteTeamCountry "ESP"]
[BlackTeamCountry "ESP"]

1. e4 e6 2. d4 d5 3. e5 c5 4. c3 Nc6 5. Nf3 Nge7 6. Bd3 Nf5 7. O-O cxd4 8. Bxf5
exf5 9. cxd4 Be7 10. Nc3 Be6 11. g3 g5 12. Ne1 h5 13. f4 g4 14. Be3 h4 15. Rc1
Rc8 16. Nd3 Kf8 17. Qa4 Kg7 18. Kg2 Na5 19. Bf2 Rc4 20. Qd1 hxg3 21. hxg3 Rc8
22. Rh1 Rxh1 23. Qxh1 Qd7 24. Kg1 b5 25. Be1 Nc4 26. Rc2 Ne3 27. Rh2 Rg8 28.
Rh7+ Kf8 29. Rh8 f6 30. Qh6+ Ke8 31. Qg6+ 1-0

[Event "Liga Madrileña - DH 2011-2012"]
[Site "Madrid ESP"]
[Date "2011.12.03"]
[Round "4.26"]
[White "Garcia Dorado, Alberto"]
[Black "Velasco Garcia, Jorge Juan"]
[Result "1-0"]
[WhiteElo "2048"]
[BlackElo "1922"]
[PlyCount "59"]
[EventDate "2011.11.13"]
[EventType "team"]
[EventRounds "14"]
[EventCountry "ESP"]
[Source "lmi"]
[SourceDate "2011.11.13"]
[WhiteTeam "Blanco y Negro"]
[BlackTeam "64 Villalba"]
[WhiteTeamCountry "ESP"]
[BlackTeamCountry "ESP"]

1. d4 Nf6 2. c4 e6 3. Nf3 d5 4. g3 c5 5. Bg2 Nc6 6. cxd5 exd5 7. O-O Be7 8. Nc3
O-O 9. dxc5 Bxc5 10. Bg5 d4 11. Bxf6 Qxf6 12. Ne4 Qe7 13. Nxc5 Qxc5 14. Rc1 Qb6
15. Qc2 g6 16. Rfd1 Bf5 17. Qd2 Rfd8 18. Qh6 Rd7 19. Ng5 f6 20. Bd5+ Kh8 21.
Nf7+ Kg8 22. Nd6+ Kh8 23. Nxf5 Ne5 24. Be4 gxf5 25. Bxf5 Rg7 26. Rc2 Re8 27.
Rcd2 Nc4 28. Rxd4 Nxb2 29. Rd7 Reg8 30. Qxh7+ 1-0

[Event "Liga Madrileña - DH 2011-2012"]
[Site "Madrid ESP"]
[Date "2011.12.04"]
[Round "4.31"]
[White "Vazquez Igarza, Renier"]
[Black "Valles Moreno, Ivan"]
[Result "1/2-1/2"]
[WhiteElo "2566"]
[BlackElo "2391"]
[PlyCount "112"]
[EventDate "2011.11.13"]
[EventType "team"]
[EventRounds "14"]
[EventCountry "ESP"]
[Source "lmi"]
[SourceDate "2011.11.13"]
[WhiteTeam "Collado Villalba"]
[BlackTeam "Amigos del Retiro"]
[WhiteTeamCountry "ESP"]
[BlackTeamCountry "ESP"]

1. Nf3 Nf6 2. c4 c5 3. Nc3 b6 4. e3 g6 5. d4 Bg7 6. Be2 O-O 7. O-O d6 8. b3 e6
9. Bb2 Qe7 10. Qc2 Bb7 11. Rad1 Na6 12. Qb1 Nc7 13. e4 Nh5 14. Rfe1 f5 15. d5
fxe4 16. Qxe4 Rae8 17. Bf1 Qd8 18. Qc2 exd5 19. Rxe8 Qxe8 20. cxd5 Qe7 21. Bc1
Qd7 22. Ng5 Nf4 23. g3 Nfxd5 24. Bh3 Nb4 25. Bxd7 Nxc2 26. Nce4 Bd4 27. Rd2 Ne1
28. Kf1 h6 29. Kxe1 hxg5 30. Rxd4 cxd4 31. Nxg5 Rd8 32. Bg4 Re8+ 33. Kd2 Re5
34. h4 Ra5 35. a3 Rb5 36. b4 a5 37. Bd7 Re5 38. Bb2 Re7 39. Bg4 Bd5 40. Bxd4
axb4 41. axb4 b5 42. h5 gxh5 43. Bxh5 Ne6 44. Nxe6 Bxe6 45. Be2 Bc4 46. Bxc4+
bxc4 47. Kc3 d5 48. b5 Kf7 49. Kb4 Re4 50. Kc5 c3 51. Bxc3 Rc4+ 52. Kxd5 Rxc3
53. b6 Rb3 54. Kc6 Ke7 55. b7 Kd8 56. g4 Rc3+ 1/2-1/2

[Event "Liga Madrileña - DH 2011-2012"]
[Site "Madrid ESP"]
[Date "2011.12.04"]
[Round "4.32"]
[White "Vallejo Diaz, Javier"]
[Black "Moreno Ruiz, Javier"]
[Result "1-0"]
[WhiteElo "2367"]
[BlackElo "2513"]
[PlyCount "87"]
[EventDate "2011.11.13"]
[EventType "team"]
[EventRounds "14"]
[EventCountry "ESP"]
[Source "lmi"]
[SourceDate "2011.11.13"]
[WhiteTeam "Amigos del Retiro"]
[BlackTeam "Collado Villalba"]
[WhiteTeamCountry "ESP"]
[BlackTeamCountry "ESP"]

1. e4 e6 2. d4 d5 3. Nd2 Be7 4. Bd3 c5 5. dxc5 Nf6 6. exd5 Qxd5 7. Ngf3 Qxc5 8.
O-O O-O 9. Nc4 Nbd7 10. b3 Qc7 11. Re1 b6 12. Bb2 Bb7 13. Nce5 Nc5 14. Bf1 Rad8
15. Qc1 Nce4 16. Bd3 Nc5 17. Bf1 Nfe4 18. Nd3 f6 19. Qe3 e5 20. Ba3 Nxd3 21.
cxd3 Nd6 22. Nh4 Nf5 23. Nxf5 Bxa3 24. d4 Qd7 25. Bc4+ Kh8 26. Qh3 g6 27. Nh6
Qxh3 28. gxh3 Kg7 29. Ng4 Rxd4 30. Ne3 Rfd8 31. Nc2 Bc5 32. Nxd4 Bxd4 33. Rac1
Rd7 34. Bb5 Re7 35. Rc4 Bb2 36. Re2 Ba1 37. Rec2 Bd5 38. Rc7 Rxc7 39. Rxc7+ Kh6
40. Rxa7 Bd4 41. Rc7 f5 42. Kf1 g5 43. Bc6 Be6 44. Bd7 1-0

[Event "Liga Madrileña - DH 2011-2012"]
[Site "Madrid ESP"]
[Date "2011.12.04"]
[Round "4.34"]
[White "Perez Gonzalez, Jose Manuel"]
[Black "Taboas Rodriguez, Daniel"]
[Result "0-1"]
[WhiteElo "2304"]
[BlackElo "2418"]
[PlyCount "92"]
[EventDate "2011.11.13"]
[EventType "team"]
[EventRounds "14"]
[EventCountry "ESP"]
[Source "lmi"]
[SourceDate "2011.11.13"]
[WhiteTeam "Amigos del Retiro"]
[BlackTeam "Collado Villalba"]
[WhiteTeamCountry "ESP"]
[BlackTeamCountry "ESP"]

1. e4 e6 2. d4 d5 3. Nc3 Nf6 4. Bg5 Be7 5. e5 Nfd7 6. h4 Nc6 7. Nh3 f6 8. exf6
Nxf6 9. Bb5 O-O 10. O-O h6 11. Be3 e5 12. Bxc6 exd4 13. Bxd4 bxc6 14. Nf4 Bf5
15. Re1 Bd6 16. Ne6 Bxe6 17. Rxe6 Qd7 18. Qe2 Rfe8 19. Re1 Rxe6 20. Qxe6+ Qxe6
21. Rxe6 Kf7 22. Re2 Nd7 23. f3 c5 24. Bf2 c6 25. g4 Ne5 26. Kg2 Ng6 27. Bg3
Nf4+ 28. Bxf4 Bxf4 29. b3 Rb8 30. Nd1 a5 31. Nf2 a4 32. Nd3 Bd6 33. Ne5+ Bxe5
34. Rxe5 Rb4 35. Kg3 c4 36. Rf5+ Ke6 37. bxc4 Rxc4 38. Rf4 Rxc2 39. Rxa4 c5 40.
Ra7 d4 41. Rxg7 d3 42. Rg8 c4 43. Rd8 d2 44. g5 hxg5 45. hxg5 c3 46. Kf4 Rc1
0-1

[Event "Liga Madrileña - DH 2011-2012"]
[Site "Madrid ESP"]
[Date "2011.12.04"]
[Round "4.35"]
[White "Cao Armillas, Jesus"]
[Black "Sanchez Gonzalez, Sergio"]
[Result "0-1"]
[WhiteElo "2174"]
[BlackElo "2286"]
[PlyCount "128"]
[EventDate "2011.11.13"]
[EventType "team"]
[EventRounds "14"]
[EventCountry "ESP"]
[Source "lmi"]
[SourceDate "2011.11.13"]
[WhiteTeam "Collado Villalba"]
[BlackTeam "Amigos del Retiro"]
[WhiteTeamCountry "ESP"]
[BlackTeamCountry "ESP"]

1. d4 Nf6 2. c4 e6 3. Nc3 Bb4 4. e3 O-O 5. Bd3 d5 6. Nf3 c5 7. O-O Nc6 8. a3
Bxc3 9. bxc3 dxc4 10. Bxc4 Qc7 11. Bb2 Rd8 12. Ba2 b6 13. Qe2 e5 14. h3 h6 15.
Rfd1 e4 16. Nd2 Bf5 17. Nf1 Qe7 18. Ng3 Bg6 19. Rd2 h5 20. Qb5 Qc7 21. Rad1 h4
22. d5 Na5 23. d6 Qb7 24. Ne2 Bh5 25. c4 Ne8 26. Be5 Qd7 27. Re1 Bxe2 28. Rexe2
Qe6 29. Qb2 f6 30. Bc3 Nc6 31. Rd5 Rxd6 32. Red2 Rad8 33. Qc2 Ne7 34. Rxd6 Rxd6
35. Qa4 Kf8 36. Rxd6 Qxd6 37. Bb1 Qe6 38. Qxa7 Qxc4 39. Qxb6 Qxc3 40. a4 Qe1+
41. Kh2 Qb4 42. Qxb4 cxb4 43. Bxe4 b3 44. g3 b2 45. gxh4 Nd5 46. a5 Nc3 47. Bc2
b1=Q 48. Bxb1 Nxb1 49. Kg3 Nc7 50. Kf4 Nd2 51. h5 Nc4 52. e4 Nxa5 53. Kf5 Kf7
54. e5 fxe5 55. Kxe5 Nc4+ 56. Kf5 Ne6 57. h4 Nb6 58. Ke5 Nd7+ 59. Kf5 Nf6 60.
h6 gxh6 61. f3 Nd4+ 62. Kf4 Kg6 63. Kg3 Nf5+ 64. Kh3 Kh5 0-1

[Event "Liga Madrileña - DH 2011-2012"]
[Site "Madrid ESP"]
[Date "2011.12.04"]
[Round "4.36"]
[White "Vallejo Diaz, Jesus"]
[Black "Bote Alvarez-Carrasco, Valentin"]
[Result "1-0"]
[WhiteElo "2258"]
[BlackElo "2160"]
[PlyCount "149"]
[EventDate "2011.11.13"]
[EventType "team"]
[EventRounds "14"]
[EventCountry "ESP"]
[Source "lmi"]
[SourceDate "2011.11.13"]
[WhiteTeam "Amigos del Retiro"]
[BlackTeam "Collado Villalba"]
[WhiteTeamCountry "ESP"]
[BlackTeamCountry "ESP"]

1. e4 d6 2. d4 Nf6 3. Nc3 e5 4. Nf3 Nbd7 5. Bc4 Be7 6. O-O O-O 7. Re1 c6 8. a4
b6 9. b3 Bb7 10. Bb2 a6 11. d5 cxd5 12. Nxd5 Nxd5 13. Bxd5 Bxd5 14. Qxd5 Qc7
15. Re2 Rab8 16. Ne1 Rfc8 17. g3 b5 18. axb5 axb5 19. Ng2 Nf6 20. Qd3 Qb7 21.
f4 exf4 22. gxf4 d5 23. e5 Ne4 24. Ne3 Bc5 25. Bd4 Rd8 26. Rg2 Qb6 27. Rd1 Bxd4
28. Qxd4 Nc3 29. Rd3 Qxd4 30. Rxd4 Rd7 31. Kf2 Kf8 32. Kf3 Rbd8 33. Rgd2 g6 34.
R2d3 Rc8 35. h3 h5 36. f5 Ke7 37. Rf4 g5 38. Rfd4 Rc6 39. Nxd5+ Nxd5 40. Rxd5
Rdc7 41. Rd6 Rc8 42. f6+ Ke8 43. Rxc6 Rxc6 44. c3 Rc5 45. Ke4 g4 46. hxg4 hxg4
47. Kd4 Rc8 48. Rg3 Kd7 49. Rxg4 Ke6 50. Re4 Rc7 51. Re2 Rc8 52. Ra2 Kf5 53.
Ra7 Rd8+ 54. Kc5 Rc8+ 55. Kb4 Kxe5 56. Rxf7 Rb8 57. Rc7 Kxf6 58. Rc5 Ke6 59.
Rxb5 Rh8 60. Rb6+ Kd7 61. c4 Kc7 62. c5 Rh3 63. Ka5 Rc3 64. b4 Rh3 65. Kb5 Rh4
66. Ra6 Kb7 67. Rg6 Rf4 68. Rg7+ Kb8 69. Ka5 Rc4 70. Kb5 Rh4 71. c6 Ka8 72. Ka5
Rf4 73. b5 Kb8 74. Kb6 Rf8 75. Rb7+ 1-0

[Event "Liga Madrileña - DH 2011-2012"]
[Site "Madrid ESP"]
[Date "2011.12.04"]
[Round "4.41"]
[White "Candela Perez, Jose"]
[Black "Hernandez Gallardo, Francisco Javier"]
[Result "0-1"]
[WhiteElo "2424"]
[BlackElo "2369"]
[PlyCount "68"]
[EventDate "2011.11.13"]
[EventType "team"]
[EventRounds "14"]
[EventCountry "ESP"]
[Source "lmi"]
[SourceDate "2011.11.13"]
[WhiteTeam "La Casa del Ajedrez"]
[BlackTeam "Moratalaz"]
[WhiteTeamCountry "ESP"]
[BlackTeamCountry "ESP"]

1. d4 e6 2. c4 Bb4+ 3. Nc3 Bxc3+ 4. bxc3 f5 5. Nh3 Nf6 6. f3 O-O 7. e3 d6 8.
Bd3 Qe7 9. Qc2 c5 10. O-O Nc6 11. Nf2 e5 12. Bxf5 Bxf5 13. Qxf5 cxd4 14. cxd4
exd4 15. Re1 Ne5 16. Qc2 Rac8 17. Bb2 Nxc4 18. Bxd4 d5 19. Qf5 Qd7 20. Qg5 h6
21. Qg3 Na3 22. Bxf6 Rxf6 23. Ng4 Rg6 24. Qh3 Qe6 25. Re2 Rc2 26. Rae1 d4 27.
Qh4 Qxa2 28. Qd8+ Kh7 29. Kf1 Rxe2 30. Rxe2 Qb1+ 31. Re1 Qd3+ 32. Re2 Nc2 33.
e4 Qd1+ 34. Kf2 d3 0-1

[Event "Liga Madrileña - DH 2011-2012"]
[Site "Madrid ESP"]
[Date "2011.12.04"]
[Round "4.42"]
[White "Serrano Salvador, Eduardo"]
[Black "Bass, Leonid"]
[Result "0-1"]
[WhiteElo "2364"]
[BlackElo "2410"]
[PlyCount "86"]
[EventDate "2011.11.13"]
[EventType "team"]
[EventRounds "14"]
[EventCountry "ESP"]
[Source "lmi"]
[SourceDate "2011.11.13"]
[WhiteTeam "Moratalaz"]
[BlackTeam "La Casa del Ajedrez"]
[WhiteTeamCountry "ESP"]
[BlackTeamCountry "ESP"]

1. d4 Nf6 2. Nf3 e6 3. c4 b6 4. a3 d5 5. Nc3 Be7 6. cxd5 Nxd5 7. e4 Nxc3 8.
bxc3 O-O 9. Bd3 Bb7 10. O-O c5 11. Qe2 Nd7 12. Bf4 Nf6 13. Rfd1 Qc8 14. a4 Rd8
15. a5 c4 16. Bc2 b5 17. Ne5 a6 18. h4 Nd7 19. Nf3 Re8 20. h5 Nf6 21. Ne5 Nd7
22. Qg4 Nxe5 23. Bxe5 f6 24. Bf4 e5 25. Qxc8 Bxc8 26. dxe5 Bg4 27. f3 Bxh5 28.
Rd7 Bc5+ 29. Kh2 fxe5 30. Rd5 exf4 31. Rxc5 Bf7 32. Rd1 Red8 33. Rxd8+ Rxd8 34.
Rc6 Bg6 35. Kh3 Rd2 36. Kg4 Rxc2 37. Kxf4 Rxc3 38. Ke5 Ra3 39. Rxa6 b4 40. Ke6
Kf8 41. f4 b3 42. f5 Bf7+ 43. Kd7 Be8+ 0-1

[Event "Liga Madrileña - DH 2011-2012"]
[Site "Madrid ESP"]
[Date "2011.12.04"]
[Round "4.43"]
[White "Rojo Huerta, Gabriel"]
[Black "Sanchez-Alarcos Galian, Victor"]
[Result "1-0"]
[WhiteElo "2355"]
[BlackElo "2242"]
[PlyCount "57"]
[EventDate "2011.11.13"]
[EventType "team"]
[EventRounds "14"]
[EventCountry "ESP"]
[Source "lmi"]
[SourceDate "2011.11.13"]
[WhiteTeam "La Casa del Ajedrez"]
[BlackTeam "Moratalaz"]
[WhiteTeamCountry "ESP"]
[BlackTeamCountry "ESP"]

1. d4 d5 2. c4 c6 3. Nf3 Nf6 4. Nbd2 g6 5. e3 Bf5 6. Be2 Bg7 7. O-O O-O 8. b4
a5 9. b5 cxb5 10. cxb5 Nbd7 11. Ba3 Re8 12. Rc1 Ne4 13. Nxe4 Bxe4 14. Ng5 Nf6
15. Nxe4 Nxe4 16. Bf3 Nf6 17. Qb3 e6 18. b6 g5 19. Rc7 g4 20. Be2 Ne4 21. Qc2
e5 22. Bxg4 exd4 23. Bh5 dxe3 24. Bxf7+ Kh8 25. Bxe8 exf2+ 26. Rxf2 Bd4 27. Bb2
Qf6 28. Bxd4 Qxd4 29. Qb2 1-0

[Event "Liga Madrileña - DH 2011-2012"]
[Site "Madrid ESP"]
[Date "2011.12.04"]
[Round "4.44"]
[White "Solaesa Navalpotro, Luis Julio"]
[Black "Elguezabal Varela, Daniel"]
[Result "0-1"]
[WhiteElo "2270"]
[BlackElo "2352"]
[PlyCount "86"]
[EventDate "2011.11.13"]
[EventType "team"]
[EventRounds "14"]
[EventCountry "ESP"]
[Source "lmi"]
[SourceDate "2011.11.13"]
[WhiteTeam "Moratalaz"]
[BlackTeam "La Casa del Ajedrez"]
[WhiteTeamCountry "ESP"]
[BlackTeamCountry "ESP"]

1. d4 d5 2. Nf3 Nf6 3. c4 c6 4. e3 Bf5 5. Nc3 e6 6. Nh4 Bg6 7. Nxg6 hxg6 8. g3
Nbd7 9. Qe2 Be7 10. Bg2 dxc4 11. Qxc4 e5 12. O-O exd4 13. exd4 Nb6 14. Qd3 O-O
15. Rd1 Qd7 16. Qc2 Rad8 17. a4 Nbd5 18. Bg5 Qc7 19. Qb3 a6 20. Rac1 Nxc3 21.
bxc3 Nd5 22. Bd2 Bf6 23. c4 Ne7 24. Bf4 Qd7 25. d5 cxd5 26. cxd5 Rc8 27. d6 Nc6
28. Qb6 g5 29. Be3 Bd8 30. Qc5 Bf6 31. Qd5 Rfe8 32. Qd2 g4 33. Bb6 Bd8 34. Be3
Bf6 35. Bb6 Bd8 36. Be3 Bf6 37. Bb6 Re5 38. Qd3 Re6 39. Bd5 Ree8 40. Bc7 Nd4
41. Rc4 Nc6 42. Bxc6 bxc6 43. Rdc1 Rxc7 0-1

[Event "Liga Madrileña - DH 2011-2012"]
[Site "Madrid ESP"]
[Date "2011.12.04"]
[Round "4.46"]
[White "Cobo Diego, Fidel"]
[Black "Collado Barbas, Laura"]
[Result "1/2-1/2"]
[WhiteElo "2054"]
[BlackElo "2078"]
[PlyCount "68"]
[EventDate "2011.11.13"]
[EventType "team"]
[EventRounds "14"]
[EventCountry "ESP"]
[Source "lmi"]
[SourceDate "2011.11.13"]
[WhiteTeam "Moratalaz"]
[BlackTeam "La Casa del Ajedrez"]
[WhiteTeamCountry "ESP"]
[BlackTeamCountry "ESP"]

1. e4 e6 2. d4 d5 3. Nc3 Bb4 4. e5 b6 5. a3 Bf8 6. Nf3 Qd7 7. Bd3 Bb7 8. O-O c5
9. Bb5 Bc6 10. Be2 Ne7 11. Re1 Nf5 12. Bd3 Nxd4 13. Nxd4 cxd4 14. Ne2 Bb5 15.
Nxd4 Bxd3 16. Qxd3 Nc6 17. Nxc6 Qxc6 18. Be3 Rc8 19. Qa6 Rc7 20. c3 Qc4 21.
Qxc4 Rxc4 22. Rad1 Bc5 23. Bd4 Bxd4 24. Rxd4 Rc7 25. f4 Ke7 26. g4 Rhc8 27. Kf2
Rc4 28. Red1 b5 29. Ke3 a5 30. Rxc4 bxc4 31. Kd4 Kd7 32. h4 Kc6 33. a4 h5 34.
g5 g6 1/2-1/2

[Event "Liga Madrileña - DH 2011-2012"]
[Site "Madrid ESP"]
[Date "2011.12.18"]
[Round "5.11"]
[White "Valles Moreno, Ivan"]
[Black "Candela Perez, Jose"]
[Result "1-0"]
[WhiteElo "2391"]
[BlackElo "2424"]
[PlyCount "87"]
[EventDate "2011.11.13"]
[EventType "team"]
[EventRounds "14"]
[EventCountry "ESP"]
[Source "lmi"]
[SourceDate "2011.11.13"]
[WhiteTeam "Amigos del Retiro"]
[BlackTeam "La Casa del Ajedrez"]
[WhiteTeamCountry "ESP"]
[BlackTeamCountry "ESP"]

1. d4 d5 2. c4 c6 3. Nf3 Nf6 4. e3 e6 5. b3 Nbd7 6. Bd3 Be7 7. O-O b6 8. Bb2
Bb7 9. Nc3 O-O 10. Qc2 Rc8 11. Ne5 c5 12. cxd5 cxd4 13. exd4 Bxd5 14. Qe2 Bb7
15. Rad1 Nd5 16. Nxd5 Bxd5 17. Nc4 Nf6 18. Qe3 Qc7 19. Qh3 Qb7 20. Rfe1 Rfd8
21. Ne5 Bb4 22. Re3 g6 23. Bc1 Nh5 24. Bc4 b5 25. Bf1 Rc2 26. g4 Nf6 27. Bd3
Rxa2 28. Qh4 Be7 29. Rh3 Nh5 30. Bg5 Bxg5 31. Qxg5 f6 32. Qe3 Ng7 33. Qh6 fxe5
34. Qxh7+ Kf8 35. Qh8+ Kf7 36. Qxd8 e4 37. Rh8 Qe7 38. Qg8+ Kf6 39. Bf1 Bxb3
40. Rc1 Rc2 41. Rxc2 Bxc2 42. h4 e3 43. fxe3 Bd1 44. Bh3 1-0

[Event "Liga Madrileña - DH 2011-2012"]
[Site "Madrid ESP"]
[Date "2011.12.18"]
[Round "5.12"]
[White "Gallego Jimenez, Victoriano"]
[Black "Vallejo Diaz, Javier"]
[Result "1/2-1/2"]
[WhiteElo "2390"]
[BlackElo "2367"]
[PlyCount "80"]
[EventDate "2011.11.13"]
[EventType "team"]
[EventRounds "14"]
[EventCountry "ESP"]
[Source "lmi"]
[SourceDate "2011.11.13"]
[WhiteTeam "La Casa del Ajedrez"]
[BlackTeam "Amigos del Retiro"]
[WhiteTeamCountry "ESP"]
[BlackTeamCountry "ESP"]

1. d4 d5 2. c4 c6 3. Nc3 Nf6 4. e3 e6 5. Nf3 Nbd7 6. Qc2 Be7 7. e4 dxe4 8. Nxe4
Nxe4 9. Qxe4 Nf6 10. Qc2 c5 11. dxc5 Bxc5 12. Bd3 h6 13. O-O O-O 14. Bd2 Qe7
15. Bc3 b6 16. Nd2 Bb7 17. Ne4 Nxe4 18. Bxe4 Rfd8 19. Rad1 Rxd1 20. Rxd1 Bxe4
21. Qxe4 Rd8 22. Rxd8+ Qxd8 23. b4 Be7 24. g3 Qd7 25. Qc2 Qc6 26. Bd2 Kf8 27.
a3 f5 28. Qd3 Kf7 29. b5 Qd6 30. Qxd6 Bxd6 31. Bb4 Bc7 32. Kf1 e5 33. f3 Ke6
34. Bf8 Kf6 35. Bb4 Ke6 36. Ke2 Bd6 37. g4 g6 38. gxf5+ gxf5 39. Bd2 h5 40. a4
Bc5 1/2-1/2

[Event "Liga Madrileña - DH 2011-2012"]
[Site "Madrid ESP"]
[Date "2011.12.18"]
[Round "5.13"]
[White "Perez Gonzalez, Jose Manuel"]
[Black "Rojo Huerta, Gabriel"]
[Result "1/2-1/2"]
[WhiteElo "2304"]
[BlackElo "2355"]
[PlyCount "40"]
[EventDate "2011.11.13"]
[EventType "team"]
[EventRounds "14"]
[EventCountry "ESP"]
[Source "lmi"]
[SourceDate "2011.11.13"]
[WhiteTeam "Amigos del Retiro"]
[BlackTeam "La Casa del Ajedrez"]
[WhiteTeamCountry "ESP"]
[BlackTeamCountry "ESP"]

1. e4 e6 2. d4 d5 3. Nc3 Bb4 4. e5 b6 5. Bd2 Qd7 6. Nf3 Ne7 7. Ne2 Bxd2+ 8.
Qxd2 Ba6 9. c3 c5 10. Nf4 Bxf1 11. Kxf1 h5 12. h4 Nbc6 13. g3 Nf5 14. Kg2 cxd4
15. cxd4 Rc8 16. Rhc1 g6 17. Rc3 O-O 18. Rac1 Nce7 19. Rxc8 Rxc8 20. Rxc8+ Qxc8
1/2-1/2